Pokémon de Type Roche - Statistiques

Statistiques générales
  • Ce quiz a été pris 168 fois
  • Le résultat moyen est 68 sur 86
Statistiques - réponses
Numéro Pokémon % Correct
075 Gravalanch
100%
075 Gravalanch d'Alola
100%
076 Grolem
100%
076 Grolem d'Alola
100%
074 Racaillou
100%
074 Racaillou d'Alola
100%
139 Amonistar
98%
138 Amonita
98%
140 Kabuto
98%
141 Kabutops
98%
142 Méga-Ptéra
98%
142 Ptéra
98%
493 Arceus
97%
248 Méga-Tyranocif
95%
095 Onix
95%
248 Tyranocif
95%
337 Séléroc
94%
338 Solaroc
94%
348 Armaldo
92%
305 Galegon
92%
304 Galekid
92%
306 Galeking
92%
345 Lilia
91%
347 Anorith
90%
111 Rhinocorne
90%
112 Rhinoféros
90%
346 Vacilys
90%
029 Arcanin de Hisui
89%
719 Diancie
89%
719 Méga-Diancie
89%
697 Rexillius
89%
773 Silvallié
89%
028 Caninos de Hisui
88%
411 Bastiodon
87%
409 Charkos
87%
246 Embrylex
87%
696 Ptyranidur
87%
464 Rhinastoc
87%
247 Ymphect
87%
703 Strassie
86%
410 Dinoclier
85%
567 Aéroptéryx
84%
566 Arkéapti
84%
408 Kranidos
84%
564 Carapagos
83%
699 Dragmara
83%
565 Mégapagos
83%
698 Amagara
82%
526 Gigalithe
80%
1017 Ogerpon
80%
369 Relicanth
80%
524 Nodulithe
78%
219 Volcaropod
78%
525 Géolithe
76%
557 Crabicoque
75%
713 Séracrawl de Hisui
74%
558 Crabaraque
73%
299 Tarinor
73%
838 Wagomine
73%
476 Tarinorme
72%
213 Caratroc
71%
837 Charbi
68%
839 Monthracite
68%
377 Regirock
68%
222 Corayon
65%
185 Simularbre
65%
970 Floréclat
62%
745 Lougaroc
62%
744 Rocabot
62%
969 Germéclat
61%
688 Opermine
61%
689 Golgopathe
60%
639 Terrakium
60%
934 Gigansel
59%
438 Manzaï
59%
774 Météno
59%
933 Amassel
56%
793 Zéroïd
56%
1022 Roc-de-Fer
54%
932 Selutin
54%
805 Ama-Ama
48%
995 Épine-de-Fer
48%
874 Dolman
45%
834 Torgamord
43%
900 Hachécateur
42%
950 Craparoi
37%
Aucun quiz correspondant
Distribution des résultats
% des personnes avec chaque résultat
Percentile par nombre de réponses
Votre historique - résultats
Vous n’avez pas pris ce quiz